| 000 | 00792nam a2200169 i 4500 | ||
|---|---|---|---|
| 001 | 173054 | ||
| 003 | ES-MaACL | ||
| 005 | 20230906215122.0 | ||
| 008 | 091021q1810 sp 000 0 spa d | ||
| 080 | _a342.732(460)"18" | ||
| 245 | 0 | 0 |
_aDefensa de la libertad de imprenta, ó examen del papel intitulado "Observaciones sobre la libertad de la prensa" / _cpor El Descubridor del Duende de nuestros exércitos. |
| 246 | 3 | _aExamen del papel intitulado "Observaciones sobre la libertad de la prensa" | |
| 260 |
_aIsla de Leon : _b[s.n., _c1810?] ( _fImp. de Francisco de Paula Periu) |
||
| 300 |
_a24 p. ; _c20 cm. |
||
| 650 | 4 |
_aLibertad de prensa- _zEspaña- _yS.XIX. _914415 |
|
| 852 | 4 |
_aES-MaACL _jR-3318(20) _z- Enc. en un vol. facticio con otras obras formando "Miscelánea patriótica" |
|
| 999 |
_c173054 _d173054 |
||